Nedeštruktívne skúšanie zvarov v jadrovej elektrárni

Saved in:
Bibliographic Details
Main Author: Kováč, Róbert (Author)
Other Authors: Palenčár, Rudolf (Thesis advisor)
Format: Manuscript Book
Language:Slovak
Published: 2015
Subjects:
Online Access:http://is.stuba.sk/zp/portal_zp.pl?podrobnosti=112853
Tags: Add Tag
No Tags, Be the first to tag this record!

MARC

LEADER 00000ntm a22000003a 4500
001 stuzp52750
003 SK-STU
005 20160719154252.9
007 ta
008 150427s2015----xo-----f-mn---000-0-slo-d
040 |a STU  |b slo 
041 0 |a slo 
100 1 |a Kováč, Róbert  |u 020020  |4 aut  |U SjF Strojnícka fakulta  |T SjF Ústav automatizácie, merania a aplikovanej informatiky  |X 49657  |U J0020  |Y 802  |7 A000049657 
242 0 1 |a Non destructive testing at nuclear power plant  |y eng 
245 1 0 |a Nedeštruktívne skúšanie zvarov v jadrovej elektrárni 
260 |c 2015 
650 4 |a skúšanie  |2 slo 
650 4 |a nedeštruktívne skúšky  |2 slo 
650 4 |a kalibrácia deformačného tlakomeru  |2 slo 
650 4 |a testing  |2 eng 
650 4 |a non destructive testing  |2 eng 
650 4 |a pressure gauge calibration  |2 eng 
700 1 |a Palenčár, Rudolf  |4 ths  |X 2375  |7 A000002375 
856 4 |u http://is.stuba.sk/zp/portal_zp.pl?podrobnosti=112853 
996 |b 284J043708  |c J* 1998/DP  |l JJSK  |s A  |a 24  |w stuzp52750_0001 
SQL |a stuzp52750  |b DDP  |c SLO  |d Nedeštruktívne skúšanie zvarov v jadrovej elektrárni  |e 49657  |f Kováč, Róbert  |g 020020  |h 2375  |i Palenčár, Rudolf  |j 20150617  |k 648  |l 02  |m http://is.stuba.sk/zp/portal_zp.pl?podrobnosti=112853  |n I-MESK  |o 5.2.53. meranie